000 00775nam a2200265 i 4500
001 16397
003 BD-RjUL
005 20211209000014.0
008 140213s1979 nhua 000 0 eng
020 _a0931718112
035 _a(BD-RjUL)16452
040 _aDLC
_cDLC
_dDLC
_dBD-RjUL
_beng
041 _aeng
082 0 0 _a789.9
_bBYT 1979
245 0 4 _aThe Byte book of computer music /
_cedited by Christopher P. Morgan.
260 _aPeterborough, N.H. :
_bByte Books,
_cc1979.
300 _av, 144 p. :
_bill. ;
_c28 cm.
650 0 _aComputer music
_xInstruction and study.
_950693
650 0 _aComputer composition.
_950694
700 1 _aMorgan, Christopher P.
_950695
740 _aComputer music.
942 _2ddc
_cBK
999 _c16397
_d16397